000 00445nam a2200205Ia 4500
005 20251020182612.0
008 200515s9999 xx 000 0 und d
082 _aSC/674.4/M27
110 _aMasisa
245 0 _aCatálogo de productos
260 _aLima
260 _c1998
300 _as.n.
650 _aCATALOGOS
650 _aMELAMINA
650 _aPANELES
650 _aTABLEROS
650 _aTABLEROS ENCHAPADOS
942 _cLIB
999 _c3369
_d3369